Groups of Five Quiz Stats

 Plays Quiz Updated May 22, 2013

Also try: Groups of Four
Challenge
Share
Tweet
Score 0/17 Timer 05:00
6 Plays Today
% Correct
Staten Island
95.6%
Sight
95%
Homer
94.1%
Arctic
92.7%
Fluorine
91.6%
Huron
91.5%
Point Guard
91.3%
Daphne
89.5%
Charlie Bucket
86%
% Correct
Scary
82.8%
Acceptance
78.8%
Pinky
78.7%
Chico
78.7%
Michael
76.3%
Dodge
69.4%
Shahada
59.8%
Fire
48.6%

You're not logged in!

Compare scores with friends on all Sporcle quizzes.
Join for Free
OR
Log In

You Might Also Like...

Show Comments

Extras

Top Quizzes Today


Score Distribution

Your Account Isn't Verified!

In order to create a playlist on Sporcle, you need to verify the email address you used during registration. Go to your Sporcle Settings to finish the process.

Report this User

Report this user for behavior that violates our Community Guidelines.

Details: